Foreign volleyball players in Italy 2024/25 - Statistics

General Stats
  • This quiz has been taken 31 times
  • The average score is 11 of 77
Answer Stats
Nationality Player Team % Correct
JPN Yuki Ishikawa Sir Volley Perugia
76%
POL Kamil Semeniuk Sir Volley Perugia
66%
ARG Agustín Loser Sir Volley Perugia
55%
BGR Aleksandar Nikolov Volley Lube Civitanova
52%
FRA Antoine Brizard Volley Piacenza
41%
JPN Tatsunori Otsuka Allianz Milano
38%
ARG Luciano de Cecco Modena Volley
34%
MLI Noumory Keita Verona Volley
34%
CUB Robertlandy Simón Aties Volley Piacenza
34%
CAN Stephen Maar Volley Piacenza
34%
POL Wassim Ben Tara Sir Volley Perugia
34%
TUR Adis Lagumdzija Volley Lube Civitanova
31%
CAN Eric Loeppky Volley Lube Civitanova
31%
BEL Ferre Reggers Allianz Milano
31%
SVN Jan Kozamernik Trentino Volley
31%
CUB Jesús Herrera Jaime Sir Volley Perugia
31%
SVN Rok Možič Verona Volley
31%
USA Taylor Averill Vero Volley Monza
28%
FRA Yacine Louati Allianz Milano
28%
FRA Barthélémy Chinenyeze Volley Lube Civitanova
24%
FRA Théo Faure Cisterna Volley
24%
TUR Ramazan Efe Mandıracı Volley Piacenza
21%
BEL Wout D'Heer Prisma Taranto
21%
CZE Donovan Džavoronok Verona Volley
17%
BRA Fernando Kreling Vero Volley Monza
14%
UKR Oleh Plotnytskyi Sir Volley Perugia
14%
SRB Uroš Kovačević Volley Piacenza
14%
CAN Arthur Szwarc Vero Volley Monza
10%
ROU Bela Bartha Trentino Volley
10%
TUR Efe Bayram Cisterna Volley
10%
NLD Fabian Plak Pallavolo Padova
10%
BGR Georgi Tatarov M&G Scuola Pallavolo Grottazzolina
10%
RUS Konstantin Abaev Verona Volley
10%
IRN Poriya Hossein Khanzadeh Volley Lube Civitanova
10%
FRA Benjamin Diez Pallavolo Padova
7%
CAN Danny Demyanenko M&G Scuola Pallavolo Grottazzolina
7%
SRB Dušan Petković M&G Scuola Pallavolo Grottazzolina
7%
DEU Erik Röhrs Vero Volley Monza
7%
BRA Flávio Resende Gualberto Trentino Volley
7%
FRA Ibrahim Lawani Vero Volley Monza
7%
ESP Jordi Ramón Ferragut Cisterna Volley
7%
FIN Luka Marttila Vero Volley Monza
7%
DNK Mads Kyed Jensen Verona Volley
7%
BGR Matey Kaziyski Allianz Milano
7%
AUT Paul Buchegger Modena Volley
7%
HRV Tsimafei Zhukouski M&G Scuola Pallavolo Grottazzolina
7%
BLR Vlad Davyskiba Modena Volley
7%
CAN Brodie Hofer Prisma Taranto
3%
ESP Davi Tenorio Volley Lube Civitanova
3%
BGR Denislav Bardarov M&G Scuola Pallavolo Grottazzolina
3%
USA Gabriel García Fernández Trentino Volley
3%
DEU Jan Zimmermann Prisma Taranto
3%
USA Jordan Matthew Ewert Verona Volley
3%
CAN Jordan Schnitzer Allianz Milano
3%
CUB José Miguel Gutiérrez Suárez Modena Volley
3%
POL Łukasz Usowicz Sir Volley Perugia
3%
FRA Matteo Schalk M&G Scuola Pallavolo Grottazzolina
3%
ARG Nicolás Uriarte Modena Volley
3%
CUB Roamy Alonso Prisma Taranto
3%
NLD Robbert Andringa Volley Piacenza
3%
SRB Veljko Mašulović Pallavolo Padova
3%
KOR Woo-Jin Lee Vero Volley Monza
3%
JPN Yuga Tarumi Cisterna Volley
3%
LBY Ahmed Ikhbayri Modena Volley
0%
SRB Aleksandar Nedeljković Cisterna Volley
0%
PRT Diogo Fevereiro Prisma Taranto
0%
HRV Gabrijel Cvanciger M&G Scuola Pallavolo Grottazzolina
0%
DEU Jannis Tom Hopt Prisma Taranto
0%
HRV Marko Sedlaček Pallavolo Padova
0%
CZE Martin Chevalier Verona Volley
0%
AUT Michael Czerwinski Cisterna Volley
0%
POL Michał Kędzierski Volley Piacenza
0%
FRA Moussé Gueye Volley Piacenza
0%
HRV Petar Đirlić Volley Lube Civitanova
0%
ISR Shay Mayo Liberman Pallavolo Padova
0%
NLD Sil Meijs Modena Volley
0%
VEN Willner Rivas Cisterna Volley
0%
No matching quizzes found
Score Distribution
Percent of People with Each Score
Percentile by Number Answered
Your Score History
You have not taken this quiz